NLSUI OPAC header image

The future of labour law : Liber Amicorum Bob Hepple QC (Record no. 23503)

MARC details
000 -LEADER
fixed length control field 00514nam a2200157Ia 4500
008 - FIXED-LENGTH DATA ELEMENTS--GENERAL INFORMATION
fixed length control field 160316s2004 xxu||||| |||| 00| 0 eng d
082 ## - DEWEY DECIMAL CLASSIFICATION NUMBER
Classification number 344.010000
Item number BAR
100 ## - MAIN ENTRY--PERSONAL NAME
Personal name Barnard Catherine
245 ## - TITLE STATEMENT
Title The future of labour law : Liber Amicorum Bob Hepple QC
250 ## - EDITION STATEMENT
Edition statement
260 ## - PUBLICATION, DISTRIBUTION, ETC.
Place of publication, distribution, etc. Oxford
Name of publisher, distributor, etc. Hart Publishing
Date of publication, distribution, etc. 2004
300 ## - PHYSICAL DESCRIPTION
Extent 320p
Other physical details
Dimensions ix
365 ## - TRADE PRICE
Price amount Rs.3,788
650 ## - SUBJECT ADDED ENTRY--TOPICAL TERM
Topical term or geographic name entry element 1. Labor Laws & Legislation - U K <br/>2. Labor Laws & Legislation - European Union Countries<br/>
700 ## - ADDED ENTRY--PERSONAL NAME
Personal name Deakin Simon
-- Morris Gillian
Holdings
Withdrawn status Lost status Damaged status Not for loan Home library Current library Shelving location Date acquired Cost, normal purchase price Total Checkouts Full call number Barcode Date last seen Price effective from Koha item type
        . .   30.05.2017 3788.00   344.01 BAR 21333 30.05.2017 30.05.2017 BOOKs